| 000 | 01395cam a2200373 a 4500 | ||
|---|---|---|---|
| 001 | 31226 | ||
| 003 | BD-RjUL | ||
| 005 | 20211209051656.0 | ||
| 008 | 140413s1953 enkac b 00| 0 engd | ||
| 020 | _a0876681356 | ||
| 020 | _a0701200677 (set) | ||
| 035 | _a(BD-RjUL)31313 | ||
| 035 | _a1080783 | ||
| 040 |
_aLC _beng _cLC _dLC _dBD-RjUL |
||
| 041 | 1 |
_aeng _hger |
|
| 082 | 0 | 0 |
_a150.1952 _219 _bFRS V-4 1953 |
| 100 | 1 |
_aFreud, Sigmund, _d1856-1939. _995005 |
|
| 245 | 1 | 4 |
_aThe standard edition of the complete psychological works of Sigmund Freud / _ctranslated from the German under the general editorship of James Strachey, in collaboration with Anna Freud, assisted by Alix Strachey and Alan Tyson. _nVolume IV (1900) _pThe interpreation of Dreams (First part) |
| 246 | 3 | _aComplete psychological works of Sigmund Freud | |
| 260 |
_aLondon : _bHogarth Press, _c1953. |
||
| 300 |
_axxxii,338 p. : _bill. ; _c22 cm. |
||
| 500 | _aSpine title: The complete psychological works of Sigmund Freud. | ||
| 504 | _aIncludes bibliographies. | ||
| 650 | 0 |
_aPsychoanalysis. _995006 |
|
| 650 | 2 |
_aFreudian theory. _995007 |
|
| 650 | 2 |
_aPsychoanalysis. _995008 |
|
| 700 | 1 |
_aFreud, Anna, _d1895-1982. _995009 |
|
| 700 | 1 |
_aRichards, Angela. _995010 |
|
| 700 | 1 |
_aStrachey, James, _d1887-1967. _995011 |
|
| 942 |
_2ddc _cBK |
||
| 999 |
_c31226 _d31226 |
||